000 00465nam a22001817a 4500
003 NUST - PNEC
005 20170116181100.0
008 150904b xxu||||| |||| 00| 0 eng d
020 _a0947637516
040 _cLIBRARY
082 _a623.87 EMB
100 _94698
_a Embleton, William
245 _aReed's Applied heat for engineers
_cWilliam Embleton Obe
250 _a4th ed.
260 _cc1991
650 _97488
_aMarine engineering
_xME
942 _2ddc
_cBK
999 _c68724
_d68724